Atoms and molecules: an introduction to students of physical chemistry

Furkejuvvon:
Bibliográfalaš dieđut
Váldodahkkit: Karplus, Martin (Dahkki), Porter, Richard N (Dahkki)
Materiálatiipa: Girji
Giella:eaŋgalasgiella
Almmustuhtton: Menlo Park W.A. Benjamin 1971
Fáttát:
Fáddágilkorat: Lasit fáddágilkoriid
Eai fáddágilkorat, Lasit vuosttaš fáddágilkora!

MARC

LEADER 00000nam a2200000 a 4500
001 UCY9870
003 CL-VaPUC
008 950720e19710000US |||||||||||||||||eng|d
082 0 4 |a 539.1  |b KAR  |2 21 
100 |a Karplus, Martin  |e author  |9 342415 
700 0 |a Porter, Richard N  |e author  |9 342416 
245 1 0 |a Atoms and molecules: an introduction to students of physical chemistry 
300 |a 620 p 
942 |c BK 
945 |d 19950720 00:00:00  |a awong 
260 |a Menlo Park  |b W.A. Benjamin  |c 1971 
650 0 |a Átomos  |9 259583 
650 0 |a Moléculas   |9 259584 
650 7 |a FISICA NUCLEAR  |2 CL-VaPUC  |9 270366 
583 |a last modification  |c 19950720 00:00:00  |k Rodrigo Vera 
999 |c 236877  |d 236875 
952 |0 0  |1 0  |4 0  |6 539_100000000000000_KAR_1971  |7 0  |8 A  |9 245241  |a BIBCUR  |b BIBCUR  |d 2019-11-18  |i 3261913  |o 539.1 KAR 1971  |p 3261913  |r 2025-04-22  |w 2019-11-18  |y BK  |k BCB